Správa z podujatia: použitie online nástrojov v centre zdieľaných služieb

Na Podnikovohospodárskej fakulte EU v Bratislave so sídlom v Košiciach sa dňa 3. marca 2025 uskutočnila prednáška spojená s diskusiou pre študentov predmetu Internetová komunikácia, vedená odborníkmi z praxe.

Guardado en:
Detalles Bibliográficos
Autor principal: Olexová, Cecília, 1976-
Otros Autores: Lengerová, Lívia
Formato: Capítulo de libro
Lenguaje:eslovaco
Etiquetas: Agregar Etiqueta
Sin Etiquetas, Sea el primero en etiquetar este registro!

MARC

LEADER 00000naa a2200000 4500
001 0311658
005 20250822122030.4
041 0 |a slo 
044 |a SK 
245 1 0 |a Správa z podujatia: použitie online nástrojov v centre zdieľaných služieb  |c Cecília Olexová 
520 |a Na Podnikovohospodárskej fakulte EU v Bratislave so sídlom v Košiciach sa dňa 3. marca 2025 uskutočnila prednáška spojená s diskusiou pre študentov predmetu Internetová komunikácia, vedená odborníkmi z praxe. 
100 1 |a Olexová, Cecília, 1976- 
700 1 |a Lengerová, Lívia